MARC details
| 000 -CABECERA |
| campo de control de longitud fija |
01018cam a2200289 a 4500 |
| 001 - NÚMERO DE CONTROL |
| campo de control |
000012016 |
| 005 - FECHA Y HORA DE LA ÚLTIMA TRANSACCIÓN |
| campo de control |
20200929162646.0 |
| 008 - DATOS DE LONGITUD FIJA--INFORMACIÓN GENERAL |
| campo de control de longitud fija |
050628s2004 sp a b 100 0 spa |
| 020 ## - NÚMERO INTERNACIONAL ESTÁNDAR DEL LIBRO |
| Número Internacional Estándar del Libro |
8496373274 |
| 035 ## - NÚMERO DE CONTROL DEL SISTEMA |
| Número de control de sistema |
(SpBaPL)pu050090246 |
| 040 ## - FUENTE DE LA CATALOGACIÓN |
| Centro catalogador/agencia de origen |
DO-SdBNP |
| Centro/agencia transcriptor |
DLC |
| Centro/agencia modificador |
BNPHU |
| 050 00 - SIGNATURA TOPOGRÁFICA DE LA BIBLIOTECA DEL CONGRESO |
| Número de clasificación |
BV160 |
| Número de documento/Ítem |
.C78 2004 |
| 082 ## - NÚMERO DE LA CLASIFICACIÓN DECIMAL DEWEY |
| Número de clasificación |
nn |
| Número de documento/Ítem |
C955m |
| 049 ## - FONDOS LOCALES (OCLC) |
| Fondos de biblioteca |
BNGR |
| 245 03 - MENCIÓN DE TÍTULO |
| Título |
Las Cruces de Mayo en España : |
| Resto del título |
tradición y ritual festivo / |
| Mención de responsabilidad, etc. |
edición, David González Cruz. |
| 260 ## - PUBLICACIÓN, DISTRIBUCIÓN, ETC. |
| Lugar de publicación, distribución, etc. |
Huelva, (España) : |
| Nombre del editor, distribuidor, etc. |
Universidad de Huelva : |
| -- |
Ayuntamiento de Almonte, |
| Fecha de publicación, distribución, etc. |
2004. |
| 300 ## - DESCRIPCIÓN FÍSICA |
| Extensión |
133 p. : |
| Otras características físicas |
il. ; |
| Dimensiones |
21 cm. |
| 490 1# - MENCIÓN DE SERIE |
| Mención de serie |
Collectanea |
| Designación de volumen o secuencia |
82 |
| 504 ## - NOTA DE BIBLIOGRAFÍA, ETC. |
| Nota de bibliografía, etc. |
Incluye referencias bibliográficas. |
| 650 #0 - PUNTO DE ACCESO ADICIONAL DE MATERIA--TÉRMINO DE MATERIA |
| Término de materia o nombre geográfico como elemento de entrada |
Feast of the cross |
| Subdivisión geográfica |
Spain. |
| 9 (RLIN) |
28416 |
| 650 #0 - PUNTO DE ACCESO ADICIONAL DE MATERIA--TÉRMINO DE MATERIA |
| Término de materia o nombre geográfico como elemento de entrada |
Fasts and feasts |
| Subdivisión geográfica |
Spain. |
| 9 (RLIN) |
28417 |
| 651 #0 - PUNTO DE ACCESO ADICIONAL DE MATERIA--NOMBRE GEOGRÁFICO |
| Nombre geográfico |
Spain |
| Subdivisión general |
Religious Life And Customs. |
| 9 (RLIN) |
28418 |
| 651 #0 - PUNTO DE ACCESO ADICIONAL DE MATERIA--NOMBRE GEOGRÁFICO |
| Nombre geográfico |
Spain |
| Subdivisión general |
Social Life And Customs. |
| 9 (RLIN) |
28419 |
| 700 1# - PUNTO DE ACCESO ADICIONAL--NOMBRE DE PERSONA |
| Nombre de persona |
Gonzalez Cruz, David, |
| Término indicativo de función/relación |
ed. |
| 9 (RLIN) |
28420 |
| 830 #0 - PUNTO DE ACCESO ADICIONAL DE SERIE-TÍTULO UNIFORME |
| Título uniforme |
Collectanea ; |
| Designación de volumen o secuencia |
82. |
| 9 (RLIN) |
28294 |
| 910 ## - DATOS DE OPCIÓN DEL USUARIO (OCLC) |
| Datos de opción del usuario |
Catalogación por copia / LC |